000 00284nam a2200097Ia 4500
008 230206s9999 xx 000 0 und d
041 _aeng
100 _aShyam Malhotra, Ed. & L. Subramanyan, Chief Editor
_9119190
245 _aDataquest
260 _c1999
_bCyber media Ind. Ltd.
_aNew Delhi
999 _c97638
_d97638